[Event "HSG Open"]
[Site "Hilversum NED"]
[Date "2010.06.30"]
[Round "5"]
[White "De Wit,Albert"]
[Black "Afek,Y"]
[Result "1/2-1/2"]
[WhiteElo "1955"]
[BlackElo "2282"]
[EventDate "2010.06.26"]

1. e4 c5 2. Nf3 Nc6 3. d4 cxd4 4. Nxd4 g6 5. c4 Bg7 6. Be3 Nf6 7. Nc3 O-O
8. Be2 d6 9. O-O Bd7 10. Qd2 Nxd4 11. Bxd4 a5 12. b3 Bc6 13. f3 Nd7 14. Be3
Nc5 15. Rab1 Qb6 16. Rfc1 Rfc8 17. Rc2 h5 18. Bf1 Kh7 19. Nd5 Qd8 20. Bg5
f6 21. Be3 e6 22. Nf4 Qe7 23. Qf2 Rd8 24. Rd1 Be8 25. Rcd2 Bf7 26. Nd3 b6
27. Bf4 Bh6 28. Bxh6 Kxh6 29. Qe3+ Kg7 30. Nf4 Qc7 31. Ne2 Nb7 32. Nc3 Be8
33. f4 Qc5 34. Kf2 a4 35. b4 Qc7 36. f5 d5 37. fxe6 dxc4 38. Nd5 Qxh2 39.
Nxb6 c3 40. Qxc3 Rxd2+ 41. Rxd2 Rd8 42. Rxd8 Nxd8 43. Nd5 Qh4+ 44. g3 Qxe4
45. Qxf6+ Kh6 46. Qf4+ Qxf4+ 47. Nxf4 g5 48. e7 Nb7 49. Nd5 Kg6 50. Nc7 Kf7
51. Nxe8 Kxe8 52. Bb5+ Kxe7 53. Bxa4 Kd6 54. Bd1 h4 55. gxh4 gxh4 56. a4
Nd8 57. a5 Nc6 58. a6 Kc7 59. b5 Na7 60. Be2 Kb6 61. Kg2 Nc8 62. Kh3 Ka7
63. Kxh4 Nb6 64. Kg5 Nd5 65. Kf5 Nc3 66. Bf1 Nd5 67. Ke5 Nb6 68. Kd6 Nc8+
69. Kc7 Nb6 70. Bg2 Nc4 71. Bd5 Nb6 72. Bb3 Na8+ 73. Kc6 Nb6 74. Bd5 Na4
75. Be6 Nb6 76. Kc5 Na4+ 77. Kb4 Nb6 78. Ka5 Na8 79. Ka4 Nc7 80. Bg4 Nxa6
1/2-1/2

[Event "HSG Open"]
[Site "Hilversum NED"]
[Date "2010.06.30"]
[Round "5"]
[White "Goudriaan,E"]
[Black "Galje,H"]
[Result "0-1"]
[WhiteElo "2249"]
[BlackElo "2133"]
[EventDate "2010.06.26"]

1. d4 Nf6 2. c4 e6 3. Nc3 Bb4 4. Qc2 O-O 5. a3 Bxc3+ 6. Qxc3 d6 7. Bg5 Nbd7
8. e3 b6 9. Nf3 Bb7 10. Bd3 Qe7 11. O-O-O e5 12. Bf5 e4 13. Ng1 Rad8 14.
Ne2 h6 15. Bh4 Rfe8 16. Kb1 a6 17. Qc2 b5 18. cxb5 Nb6 19. Rc1 Nbd5 20. Nc3
g5 21. Bg3 axb5 22. Nxd5 Nxd5 23. Qb3 b4 24. axb4 Ra8 25. h4 Ra6 26. b5 Ra5
27. Kc2 Rea8 28. Kd2 Qe8 29. hxg5 Rxb5 30. Qc2 Ra2 31. Rb1 Qa8 32. Rxh6
Qa5+ 33. Ke2 Nc3+ 34. Ke1 Nxb1+ 35. Kf1 Rbxb2 36. Qd1 Nd2+ 37. Kg1 Ra1 0-1

[Event "HSG Open"]
[Site "Hilversum NED"]
[Date "2010.06.30"]
[Round "5"]
[White "Kampman,T"]
[Black "Vogel,Ja"]
[Result "0-1"]
[WhiteElo "2058"]
[BlackElo "2210"]
[EventDate "2010.06.26"]

1. e4 e6 2. d4 d5 3. exd5 exd5 4. Nc3 Nf6 5. g3 Bg4 6. Qd3 Qd7 7. Bg2 Bb4
8. Bd2 O-O 9. Nf3 Re8+ 10. Ne5 Nc6 11. f4 Bf5 12. Qe2 Nxd4 13. Nxd7 Bxc3
14. Ne5 Bxb2 15. Qf1 Nxc2+ 16. Kd1 Nxa1 17. Nd3 Bd4 18. h3 c5 19. g4 Bd7
20. Kc1 Bb5 21. Qf3 Ne4 22. Re1 Re6 23. Bf1 Ba4 24. Ne5 Rb6 25. Nc4 Nxd2
26. Nxd2 Bb2+ 27. Kb1 Bc2+ 0-1

[Event "HSG Open"]
[Site "Hilversum NED"]
[Date "2010.06.30"]
[Round "5"]
[White "Koudinov,D"]
[Black "Van Apeldoorn,J"]
[Result "0-1"]
[WhiteElo "2063"]
[BlackElo "2156"]
[EventDate "2010.06.26"]

1. d4 Nf6 2. c4 c5 3. d5 g6 4. Nc3 d6 5. e4 Bg7 6. Nf3 O-O 7. Be2 e6 8. O-O
exd5 9. exd5 Re8 10. h3 Nh5 11. Ng5 Nf6 12. Bd3 Nbd7 13. f4 h6 14. Nge4
Nxe4 15. Nxe4 Bd4+ 16. Kh1 Nf6 17. Nxf6+ Qxf6 18. f5 g5 19. Qh5 b5 20. cxb5
Bb7 21. Bd2 Bxd5 22. Rae1 Re5 23. b3 Rae8 24. Qg4 Rxe1 25. Rxe1 Rxe1+ 26.
Bxe1 Qe5 27. Bd2 Bf2 28. Qe2 Bxg2+ 0-1

[Event "HSG Open"]
[Site "Hilversum NED"]
[Date "2010.06.30"]
[Round "5"]
[White "Van Engen,H"]
[Black "De Visser,A"]
[Result "1-0"]
[WhiteElo "2161"]
[BlackElo "1883"]
[EventDate "2010.06.26"]

1. d4 d6 2. c4 e5 3. Nf3 Nd7 4. Nc3 Ngf6 5. e4 Be7 6. Be2 c6 7. O-O O-O 8.
b3 Qc7 9. Bb2 Re8 10. Rc1 Bf8 11. Qc2 exd4 12. Nxd4 Nc5 13. f3 Ne6 14. Qd2
Nxd4 15. Qxd4 Nd7 16. Kh1 Nc5 17. Qd2 b6 18. b4 Nb7 19. a3 Be6 20. Nd5 Qd8
21. Ne3 f6 22. f4 Qe7 23. Bd3 Kh8 24. Rf3 Rad8 25. Qc2 h6 26. Rff1 Rd7 27.
Qf2 d5 28. cxd5 cxd5 29. Bb5 dxe4 30. f5 Red8 31. fxe6 Rd2 32. Qf4 Rxb2 33.
Bd7 Rxd7 34. exd7 Qxd7 35. Rc7 Qd2 36. Rxb7 Bd6 37. Qxe4 Qe2 38. Rd7 1-0

[Event "HSG Open"]
[Site "Hilversum NED"]
[Date "2010.06.30"]
[Round "5"]
[White "Van den Hoogen,Arie"]
[Black "Van den Bergh,B"]
[Result "0-1"]
[WhiteElo "1998"]
[BlackElo "2008"]
[EventDate "2010.06.26"]

1. e4 e5 2. Nf3 Nc6 3. Bb5 a6 4. Ba4 Nf6 5. O-O Nxe4 6. d4 b5 7. Bb3 d5 8.
dxe5 Be6 9. c3 Bc5 10. Nbd2 O-O 11. Qe2 Nxd2 12. Bxd2 d4 13. Bxe6 fxe6 14.
Qe4 Qd5 15. Rfe1 Rf5 16. Rac1 Rd8 17. Bg5 Qxe4 18. Rxe4 Rd5 19. Kf1 dxc3
20. Rxc3 Nxe5 21. Rxe5 Rfxe5 22. Nxe5 Rxe5 23. Bd8 Bb4 24. Rc1 c5 25. a3
Bd2 26. Rd1 Rd5 27. Bb6 c4 28. g3 Bg5 29. Rb1 Rd3 30. Ke2 Bf6 31. Be3 Rb3
32. Bc1 c3 0-1

[Event "HSG Open"]
[Site "Hilversum NED"]
[Date "2010.06.30"]
[Round "5"]
[White "Veldhuysen,K"]
[Black "Mostertman,L"]
[Result "1/2-1/2"]
[WhiteElo "2010"]
[BlackElo "2090"]
[EventDate "2010.06.26"]

1. e4 e5 2. Nf3 Nc6 3. Bc4 Nf6 4. Ng5 Bc5 5. Bxf7+ Ke7 6. Bh5 g6 7. Be2 h6
8. Nf3 Nxe4 9. d4 exd4 10. O-O d5 11. c3 dxc3 12. Nxc3 Nxc3 13. bxc3 Be6
14. Nd4 Nxd4 15. cxd4 Bd6 16. Re1 Kf7 17. Bg4 Bxg4 18. Qxg4 Qc8 19. Qh4 Kg7
20. Bd2 Qf5 21. Rab1 Raf8 22. Be3 b6 23. Rb2 Rf7 24. Rbe2 g5 25. Qh5 Qg6
26. Qg4 Qf5 27. Qh5 Qg6 1/2-1/2

[Event "HSG Open"]
[Site "Hilversum NED"]
[Date "2010.07.01"]
[Round "6"]
[White "Bloem,M"]
[Black "Tulfer,P"]
[Result "1-0"]
[WhiteElo "1905"]
[BlackElo "1901"]
[EventDate "2010.06.26"]

1. e4 c5 2. Nf3 d6 3. d4 cxd4 4. Nxd4 Nf6 5. Nc3 a6 6. Be2 e5 7. Nb3 Be7 8.
Be3 Be6 9. Bf3 Nbd7 10. g4 O-O 11. Qe2 Nb6 12. h4 Nc4 13. g5 Nd7 14. O-O-O
Rc8 15. Rdg1 Qc7 16. h5 Nxb2 17. Nd5 Bxd5 18. exd5 Nc4 19. Be4 Nxe3 20.
fxe3 a5 21. Qd3 Qc3 22. Bxh7+ Kh8 23. Qxc3 Rxc3 24. Bf5 Nc5 25. Kd2 Nxb3+
26. Kxc3 Nc5 27. g6 Bf6 28. e4 Kg8 29. Rh3 Rd8 30. h6 gxh6 31. Rxh6 Kf8 32.
Rh7 fxg6 33. Rxg6 Be7 1-0

[Event "HSG Open"]
[Site "Hilversum NED"]
[Date "2010.07.01"]
[Round "6"]
[White "De Visser,A"]
[Black "Van de Groep,W"]
[Result "1/2-1/2"]
[WhiteElo "1883"]
[BlackElo "1970"]
[EventDate "2010.06.26"]

1. b4 c6 2. c4 d5 3. e3 Nf6 4. Bb2 Bf5 5. Nf3 e6 6. a3 Be7 7. Be2 Nbd7 8.
cxd5 exd5 9. d3 O-O 10. Nbd2 Re8 11. O-O a6 12. Nb3 Bd6 13. Nbd4 Bg6 14. h3
Qc7 15. Qd2 Ne5 16. Nh4 Qd8 17. f4 Ned7 18. Ndf3 h6 19. Nxg6 fxg6 20. Nh2
Qe7 21. Rf3 c5 22. bxc5 Bxc5 23. Nf1 Rac8 24. Bd1 Ba7 25. Kh1 Red8 26. Qb4
Bc5 27. Qxb7 Qe6 28. Qb3 Be7 29. Bd4 Nc5 30. Bxc5 Rxc5 31. e4 Rb5 32. Qa2
Qb6 33. Qe2 dxe4 34. dxe4 Qd4 35. Rc1 Bc5 36. Ne3 Rb2 37. Qc4+ Qxc4 38.
Nxc4 Rbb8 39. Ne5 Rbc8 40. Bb3+ Kh7 41. Nf7 Bxa3 42. Ra1 Bb2 43. Rxa6 Rc1+
44. Kh2 Rb8 45. Ra4 Re1 46. e5 Ne4 47. Bc4 Bc1 48. h4 Nd2 49. Rf2 Ne4 50.
Rf3 Be3 51. Bf1 Nd2 52. Bd3 Nxf3+ 53. gxf3 Rb2+ 54. Kh3 Rh1+ 55. Kg3 Rg1+
56. Kh3 Rbg2 57. Ra8 Rg3+ 58. Kh2 R1g2+ 59. Kh1 1/2-1/2

[Event "HSG Open"]
[Site "Hilversum NED"]
[Date "2010.07.01"]
[Round "6"]
[White "Henseler,J"]
[Black "Goudriaan,E"]
[Result "0-1"]
[WhiteElo "2073"]
[BlackElo "2249"]
[EventDate "2010.06.26"]

1. c4 Nf6 2. d4 c6 3. Bf4 d5 4. e3 e6 5. Nc3 Bd6 6. Bxd6 Qxd6 7. Nf3 Nbd7
8. Be2 a6 9. O-O O-O 10. Qc2 e5 11. dxe5 Nxe5 12. cxd5 cxd5 13. Rfd1 Rd8
14. Nxe5 Qxe5 15. Bf3 Bg4 16. Qe2 h5 17. h3 Be6 18. Rd4 Rd7 19. Rad1 Rad8
20. R1d2 g6 21. Qd1 Kg7 22. Ne2 g5 23. g4 hxg4 24. hxg4 Rh8 25. Ng3 Rh4 26.
a3 Rc7 27. Kg2 Rc8 28. Qe2 Rch8 29. Kg1 Ne4 30. Rxe4 dxe4 31. Bxe4 Rxg4 32.
Qf3 Rh3 33. Kf1 Rhxg3 0-1

[Event "HSG Open"]
[Site "Hilversum NED"]
[Date "2010.07.01"]
[Round "6"]
[White "Lasschuit,R"]
[Black "Kunnen,Ruurd"]
[Result "0-1"]
[WhiteElo "1917"]
[BlackElo "1986"]
[EventDate "2010.06.26"]

1. d4 Nf6 2. Nf3 e6 3. g3 b5 4. Bg2 Bb7 5. O-O c5 6. Nbd2 Be7 7. dxc5 Na6
8. Nb3 Nxc5 9. Qd4 Rc8 10. c3 O-O 11. Nxc5 Bxc5 12. Qd3 a6 13. Be3 Be4 14.
Qd2 Qb6 15. Bd4 Bxd4 16. Nxd4 Bxg2 17. Kxg2 Ne4 18. Qd3 d5 19. Nc2 Nc5 20.
Qd4 Qb7 21. Rfe1 Na4 22. Rab1 Rc4 23. Qd1 Rfc8 24. Kg1 a5 25. Ne3 R4c7 26.
Qd4 Nb6 27. Red1 Nc4 28. Nxc4 bxc4 29. e4 Rd7 30. exd5 Rxd5 31. Qg4 Rcd8
32. Rxd5 Qxd5 33. Qe2 f6 34. Qe3 Kf7 35. Re1 e5 36. Kf1 Qd3+ 37. Qxd3 cxd3
38. Rd1 Ke6 39. f3 f5 40. Kf2 e4 41. fxe4 fxe4 42. Ke3 Ke5 43. Rd2 Rf8 44.
Rf2 Rxf2 45. Kxf2 d2 46. Ke2 e3 47. b4 axb4 48. cxb4 Kd4 0-1

[Event "HSG Open"]
[Site "Hilversum NED"]
[Date "2010.07.01"]
[Round "6"]
[White "Nagtegaal,K"]
[Black "De Wit,Albert"]
[Result "1/2-1/2"]
[WhiteElo "2200"]
[BlackElo "1955"]
[EventDate "2010.06.26"]

1. c4 g6 2. g3 Bg7 3. Bg2 e5 4. Nc3 d6 5. e4 Nc6 6. Nge2 f5 7. d3 Nf6 8.
Nd5 O-O 9. Bg5 Ne7 10. O-O c6 11. Nxf6+ Bxf6 12. Bh6 Rf7 13. Qd2 Be6 14.
Rfe1 Qd7 15. Rad1 Rd8 16. f4 fxe4 17. Bxe4 d5 18. cxd5 Nxd5 19. fxe5 Bxe5
20. Bg2 Bg4 21. Rf1 Re8 22. Rxf7 Qxf7 23. Rf1 Qe6 24. Kh1 Bf5 25. Nc3 Nf6
26. d4 Rd8 27. d5 Nxd5 28. Rd1 Rd7 29. Nxd5 cxd5 30. Qb4 Qd6 31. Qxd6 Rxd6
32. Rxd5 Rxd5 33. Bxd5+ Kh8 34. b3 b6 35. Kg2 Bg7 36. Bf4 Bd4 37. Bh6 Bg7
38. Be3 Be5 39. h3 h5 40. a4 Kg7 41. Bg5 Bd4 42. h4 Bg4 43. Bf4 a5 44. Bg5
Bc5 45. Bd8 Bd4 46. Bg5 1/2-1/2

[Event "HSG Open"]
[Site "Hilversum NED"]
[Date "2010.07.01"]
[Round "6"]
[White "Van Apeldoorn,J"]
[Black "Van Engen,H"]
[Result "1/2-1/2"]
[WhiteElo "2156"]
[BlackElo "2161"]
[EventDate "2010.06.26"]

1. e4 c5 2. Nf3 d6 3. d4 cxd4 4. Nxd4 Nf6 5. f3 Nc6 6. c4 e6 7. Nc3 Be7 8.
Be3 O-O 9. Be2 d5 10. cxd5 exd5 11. Nxc6 bxc6 12. exd5 Nxd5 13. Nxd5 Qxd5
14. Qxd5 cxd5 15. O-O-O Bf6 16. Bd4 Bxd4 17. Rxd4 Be6 18. b3 Rfc8+ 19. Kb2
Rc5 20. Rc1 Rxc1 21. Kxc1 Rc8+ 22. Kb2 Kf8 23. Bd3 h6 24. f4 f6 25. f5 Bf7
26. Rb4 Rc7 27. a4 Be8 28. Rb8 Ke7 29. a5 Bc6 30. Kc3 d4+ 31. Kxd4 Bxg2 32.
Rg8 Kd6 33. Bc4 Kc6 34. b4 Rd7+ 35. Kc3 Bd5 36. Rc8+ Kb7 37. Bxd5+ Rxd5 38.
Rg8 Rxf5 39. Rxg7+ Ka6 40. Kc4 Rf2 41. h4 h5 42. Rh7 Rf5 43. Rd7 Rf1 44.
Rf7 Rf5 45. Rh7 Rf4+ 46. Kc5 Rf5+ 47. Kc6 Re5 48. Rf7 Rf5 49. Rb7 Re5 50.
b5+ Kxa5 51. Rxa7+ Kb4 52. b6 Rc5+ 53. Kd6 Rb5 54. b7 f5 55. Ra1 Kc4 56.
Rc1+ Kd3 57. Kc7 f4 58. Rc6 Rxb7+ 59. Kxb7 f3 60. Rf6 1/2-1/2

[Event "HSG Open"]
[Site "Hilversum NED"]
[Date "2010.07.01"]
[Round "6"]
[White "Van de Peut,A"]
[Black "Van Brussel,B"]
[Result "1/2-1/2"]
[WhiteElo "1989"]
[BlackElo "1887"]
[EventDate "2010.06.26"]

1. e4 c5 2. Nc3 Nc6 3. g3 g6 4. Bg2 Bg7 5. d3 d6 6. f4 e6 7. Nf3 Nge7 8.
O-O O-O 9. Be3 b6 10. Qd2 Rb8 11. Rad1 d5 12. d4 Ba6 13. Rfe1 dxe4 14. Nxe4
Nf5 15. c3 Nxe3 16. Qxe3 cxd4 17. cxd4 Bc4 18. Nc3 Ne7 19. Ne5 Rc8 20. Nxc4
Rxc4 21. d5 Bxc3 22. bxc3 Nxd5 23. Bxd5 exd5 1/2-1/2

[Event "HSG Open"]
[Site "Hilversum NED"]
[Date "2010.07.01"]
[Round "6"]
[White "Van den Bergh,B"]
[Black "Kampman,T"]
[Result "0-1"]
[WhiteElo "2008"]
[BlackElo "2058"]
[EventDate "2010.06.26"]

1. e4 e6 2. d3 d5 3. Nd2 Nf6 4. Ngf3 dxe4 5. dxe4 Bc5 6. Bd3 Nc6 7. e5 Nd7
8. Ne4 Be7 9. Bf4 h6 10. h4 Nc5 11. Nxc5 Bxc5 12. c3 Bd7 13. Qe2 Qe7 14.
Bg3 Bb6 15. h5 O-O-O 16. Rh4 Be8 17. b4 a5 18. a3 g5 19. hxg6 fxg6 20. Rc4
g5 21. Be4 Kb8 22. Rb1 axb4 23. axb4 Na7 24. Qa2 Bb5 25. Rd4 Bxd4 26. Nxd4
Rxd4 27. cxd4 c6 28. f3 h5 29. Bf2 Nc8 30. d5 exd5 31. Bc5 Qxe5 32. Qf2
Qc3+ 33. Kd1 dxe4 34. Qg3+ Ka8 35. Qc7 exf3 0-1

[Event "HSG Open"]
[Site "Hilversum NED"]
[Date "2010.07.01"]
[Round "6"]
[White "Van den Bergh,J"]
[Black "Zimmermann,L"]
[Result "0-1"]
[WhiteElo "2124"]
[BlackElo "2057"]
[EventDate "2010.06.26"]

1. d4 Nf6 2. Nf3 g6 3. c4 Bg7 4. Nc3 d5 5. Bg5 Ne4 6. Bh4 Nxc3 7. bxc3 dxc4
8. e3 b5 9. Be2 a6 10. O-O O-O 11. a4 c6 12. e4 Nd7 13. Qc2 Nb6 14. Rfd1
Bb7 15. a5 Nd7 16. Qb1 Ra7 17. Ra3 Nf6 18. Ne5 Qd6 19. Bg4 0-1

[Event "HSG Open"]
[Site "Hilversum NED"]
[Date "2010.07.01"]
[Round "6"]
[White "Van der Kooij,P"]
[Black "Koudinov,D"]
[Result "1/2-1/2"]
[WhiteElo "2054"]
[BlackElo "2063"]
[EventDate "2010.06.26"]

1. d4 d5 2. Bf4 c5 3. e3 e6 4. c3 Nf6 5. Nd2 Nc6 6. Ngf3 Bd6 7. Bg3 O-O 8.
Bd3 Qc7 9. dxc5 Bxg3 10. hxg3 e5 11. Be2 e4 12. Nd4 Ne5 13. b4 Bg4 14. Bxg4
Nfxg4 15. Kf1 Qd7 16. Rh4 g5 17. Rxg4 Nxg4 18. a4 f5 19. Ne2 Qf7 20. Ke1
Ne5 21. Kf1 Rad8 22. Kg1 Qh5 23. Nd4 Qg6 24. Ne2 Nd3 25. Nf1 Rf6 26. Nc1
Ne5 27. Ra2 Ng4 28. Rd2 Qf7 29. c4 d4 30. Rxd4 Re8 31. Rd8 Kf8 32. Qd7 Ne5
33. Rxe8+ Qxe8 34. Qxb7 Nf7 35. Ne2 Qd8 36. Nd4 a5 37. b5 Qe8 38. c6 f4
1/2-1/2

[Event "HSG Open"]
[Site "Hilversum NED"]
[Date "2010.07.01"]
[Round "6"]
[White "Vogel,Ja"]
[Black "Burton,G"]
[Result "1-0"]
[WhiteElo "2210"]
[BlackElo "2083"]
[EventDate "2010.06.26"]

1. d4 Nf6 2. Nf3 e6 3. g3 c5 4. Bg2 a6 5. O-O cxd4 6. Nxd4 Qc7 7. e4 Be7 8.
Nc3 O-O 9. Be3 Nc6 10. Kh1 d6 11. f4 Bd7 12. Nb3 b5 13. a3 Rad8 14. g4 h6
15. h4 d5 16. e5 Nh7 17. g5 d4 18. Nxd4 Nxd4 19. Bxd4 Bc6 20. Ne2 Qb7 21.
Bxc6 Qxc6+ 22. Kh2 hxg5 23. hxg5 Qe4 24. Qd3 Qxd3 25. cxd3 Rd5 26. Rac1
Rfd8 27. Bb6 Rb8 28. Bc7 Rc8 29. d4 Nf8 30. Ba5 Rxc1 31. Rxc1 Ng6 32. Rc7
Kh7 33. Ra7 Bd8 34. Rxa6 Nh4 35. Bxd8 Rxd8 36. Rd6 Rb8 37. d5 Nf5 38. Rd7
exd5 39. Rxd5 Ne3 40. Rd7 Kg6 41. Nd4 Rc8 42. Kg3 Nc4 43. Kg4 Ne3+ 44. Kf3
Nc4 45. b3 Nxa3 46. Kg4 Rc5 47. f5+ Kh7 48. e6 1-0

[Event "HSG Open"]
[Site "Hilversum NED"]
[Date "2010.07.02"]
[Round "7"]
[White "Abma,K"]
[Black "Van den Bergh,B"]
[Result "1-0"]
[WhiteElo "1981"]
[BlackElo "2008"]
[EventDate "2010.06.26"]

1. d4 Nf6 2. Nf3 g6 3. Nc3 Bg7 4. e4 d6 5. Be3 O-O 6. Qd2 Bg4 7. Be2 c6 8.
h3 Bxf3 9. Bxf3 Nbd7 10. g4 e5 11. dxe5 Nxe5 12. Be2 d5 13. f4 Nc4 14. Bxc4
dxc4 15. Qxd8 Rfxd8 16. Ke2 b6 17. Rad1 h6 18. Rxd8+ Rxd8 19. Rd1 Rxd1 20.
Kxd1 Nd7 21. Ke2 Bxc3 22. bxc3 f6 23. h4 g5 24. h5 Kf7 25. Kf3 Ke6 26. Kg3
a5 27. Kf3 b5 28. Ke2 c5 29. Kd2 Kf7 30. Ke2 Kg7 31. Kf3 a4 32. a3 Kf7 33.
Ke2 Ke6 34. Kf3 gxf4 35. Kxf4 b4 36. cxb4 cxb4 37. axb4 a3 38. Bd4 a2 39.
b5 Nb6 40. Ke3 Na4 41. Ba1 c3 42. Kd4 Kd6 43. Kc4 Ke5 44. Kb4 Nb6 45. Kxc3
Kxe4 46. Kb3 Nd7 47. Kxa2 Kf4 48. c4 f5 49. gxf5 Kxf5 50. Bd4 Ke4 51. Ba7
1-0

[Event "HSG Open"]
[Site "Hilversum NED"]
[Date "2010.07.02"]
[Round "7"]
[White "Goudriaan,E"]
[Black "De Wit,Albert"]
[Result "1-0"]
[WhiteElo "2249"]
[BlackElo "1955"]
[EventDate "2010.06.26"]

1. d4 g6 2. c4 Bg7 3. Nc3 c5 4. d5 Bxc3+ 5. bxc3 f5 6. e4 fxe4 7. f3 e5 8.
dxe6 Nc6 9. Be3 Qa5 10. Rc1 Nf6 11. Qd6 dxe6 12. Bg5 Rf8 13. Nh3 exf3 14.
gxf3 Bd7 15. Bh6 Rg8 16. Ng5 O-O-O 17. Nf7 Nd4 18. Bg2 Bc6 19. Nxd8 Rxd8
20. Qf4 Nh5 21. Qe5 Bxf3 22. O-O Ne2+ 23. Kf2 Bxg2 24. Qxe6+ Kb8 25. Kxg2
Nxc1 26. Bxc1 Qxc3 27. Bg5 Qc2+ 28. Rf2 Qd3 29. Bxd8 Qxd8 30. Qe5+ Ka8 31.
Qxc5 Nf6 32. Rxf6 1-0

[Event "HSG Open"]
[Site "Hilversum NED"]
[Date "2010.07.02"]
[Round "7"]
[White "Kampman,T"]
[Black "De Visser,A"]
[Result "1-0"]
[WhiteElo "2058"]
[BlackElo "1883"]
[EventDate "2010.06.26"]

1. e4 d6 2. c4 c5 3. Nc3 Nc6 4. g3 g6 5. Bg2 Bg7 6. Nge2 e5 7. O-O Nge7 8.
a3 Be6 9. d3 a5 10. Be3 O-O 11. Qd2 Nd4 12. Bxd4 cxd4 13. Nb5 Qd7 14. b4
Nc6 15. Rfb1 axb4 16. axb4 b6 17. Ra2 Rxa2 18. Qxa2 Rb8 19. Qa4 Bf8 20. Nc1
Qb7 21. Ra1 Bd7 22. Nb3 Nd8 23. h4 Bc6 24. Qa2 Bxb5 25. cxb5 Ne6 26. Nd2
Nc7 27. Qc4 Ne8 28. Qc6 Nf6 29. Bh3 Kg7 30. Nc4 d5 31. exd5 Nxd5 32. Qxb7
Rxb7 33. Bg2 Rd7 34. Nxe5 Rd8 35. Ra7 Ne7 36. Rb7 Rd6 37. Nc4 Rd8 38. Nxb6
Nf5 39. Nd5 Nd6 40. Rb6 Re8 41. Bf3 h5 42. Kg2 Re1 43. Rb8 Re8 44. Rxe8
Nxe8 45. b6 Bd6 46. b7 Nf6 47. Nb6 Kf8 48. Bc6 Ke7 49. Nc8+ 1-0

[Event "HSG Open"]
[Site "Hilversum NED"]
[Date "2010.07.02"]
[Round "7"]
[White "Kunnen,Ruurd"]
[Black "Henseler,J"]
[Result "1/2-1/2"]
[WhiteElo "1986"]
[BlackElo "2073"]
[EventDate "2010.06.26"]

1. c4 c5 2. g3 Nf6 3. Bg2 e6 4. Nf3 Be7 5. O-O O-O 6. d4 cxd4 7. Nxd4 d5 8.
cxd5 exd5 9. Nc3 Nc6 10. Bf4 Be6 11. Rc1 Nxd4 12. Qxd4 Qa5 13. Rfd1 Rfd8
14. a3 Rac8 15. Qa4 Qxa4 16. Nxa4 b5 17. Nc3 a6 18. Be5 Kf8 19. e3 Nd7 20.
Bd4 Nf6 21. Ne2 Rc4 22. b3 Rcc8 23. Bb2 1/2-1/2

[Event "HSG Open"]
[Site "Hilversum NED"]
[Date "2010.07.02"]
[Round "7"]
[White "Van Brussel,B"]
[Black "Van den Bergh,J"]
[Result "1/2-1/2"]
[WhiteElo "1887"]
[BlackElo "2124"]
[EventDate "2010.06.26"]

1. e4 d6 2. d4 Nf6 3. Nc3 g6 4. f4 Bg7 5. Nf3 c5 6. dxc5 Qa5 7. Bd3 Qxc5 8.
Qe2 Bg4 9. a3 O-O 10. Be3 Qa5 11. O-O Nc6 12. Qf2 Bxf3 13. Qxf3 Nd7 14. Qh3
Qd8 15. Rad1 Rc8 16. e5 dxe5 17. Bxg6 hxg6 18. Rxd7 Qa5 19. Rd5 Qa6 20. Ne4
Qe2 21. Rd2 1/2-1/2

[Event "HSG Open"]
[Site "Hilversum NED"]
[Date "2010.07.02"]
[Round "7"]
[White "Van de Peut,A"]
[Black "Ten Have,R"]
[Result "0-1"]
[WhiteElo "1989"]
[BlackElo "1654"]
[EventDate "2010.06.26"]

1. e4 e6 2. d4 d5 3. Nc3 Bb4 4. e5 c5 5. a3 Bxc3+ 6. bxc3 Qc7 7. Qg4 f5 8.
Qg3 b6 9. Ne2 Qf7 10. Nf4 Ne7 11. Be2 Ba6 12. a4 Bxe2 13. Nxe2 Nec6 14. Ba3
Nd7 15. Qe3 Na5 16. Nf4 Nc4 17. Qe2 O-O 18. O-O g5 19. Nd3 Nxa3 20. Rxa3 c4
21. Ne1 f4 22. Qg4 Kh8 23. h4 Qe7 24. Ra1 gxh4 25. Nf3 Rg8 26. Qh3 Rg6 27.
Nxh4 Rh6 28. g3 Rg8 29. Kh2 Nf8 0-1

[Event "HSG Open"]
[Site "Hilversum NED"]
[Date "2010.07.02"]
[Round "7"]
[White "Van den Hoogen,Arie"]
[Black "Lasschuit,R"]
[Result "1-0"]
[WhiteElo "1998"]
[BlackElo "1917"]
[EventDate "2010.06.26"]

1. e4 e6 2. d4 d5 3. Bd3 c5 4. c3 cxd4 5. cxd4 dxe4 6. Bxe4 Nf6 7. Bf3 Nc6
8. Ne2 Qb6 9. O-O Bd7 10. Nbc3 Rc8 11. Bf4 Be7 12. Qd2 O-O 13. Rac1 Na5 14.
b3 Bc6 15. Bxc6 Nxc6 16. Na4 Qb4 17. Nc5 Qxd2 18. Bxd2 b6 19. Nd3 Rfd8 20.
Be3 Nd5 21. Rfd1 Ba3 22. Rc2 Ndb4 23. Nxb4 Nxb4 24. Rcd2 Rc7 25. Kf1 Rdc8
26. h3 Kf8 27. Nf4 Ke7 28. Nd3 Rc2 29. Ke2 Rxa2 30. Nxb4 Rxd2+ 31. Bxd2 a5
32. Nd3 Rc2 33. Rb1 1-0

[Event "HSG Open"]
[Site "Hilversum NED"]
[Date "2010.07.02"]
[Round "7"]
[White "Veldhuysen,K"]
[Black "Bloem,M"]
[Result "1-0"]
[WhiteElo "2010"]
[BlackElo "1905"]
[EventDate "2010.06.26"]

1. e4 c5 2. Nf3 e6 3. d4 cxd4 4. Nxd4 Nc6 5. Be3 Nf6 6. Nc3 d6 7. Be2 Be7
8. O-O O-O 9. f4 Qc7 10. a4 Nxd4 11. Bxd4 e5 12. Be3 Be6 13. Nd5 Nxd5 14.
exd5 Bf5 15. Rc1 Be4 16. c4 b6 17. Qd2 f5 18. Rf2 Rac8 19. g3 Rf6 20. b4
Qb7 21. Bd3 Bxd3 22. Qxd3 Qd7 23. Qb3 Kh8 24. fxe5 dxe5 25. Bg5 Rff8 26.
Bxe7 Qxe7 27. Rcf1 g6 28. Qc3 Kg8 29. Re1 e4 30. Rd2 Rfd8 31. Kg2 h5 32.
Qb3 Kg7 33. Rd4 Qe5 34. Qe3 Qd6 35. Qd2 Rd7 36. Rd1 Rdc7 37. Rc1 Kf7 38. h4
Re7 39. c5 bxc5 40. bxc5 Qa6 41. Qa2 Kf6 42. d6 Rd7 43. Qb2 Kf7 44. Qb5 Qc6
45. Kf1 Ke6 46. Ke2 Rb7 47. Qxc6 Rxc6 48. Rc3 Kd7 49. Ke3 Rb1 50. Rd2 Rb4
51. Rd4 Rb1 52. Rdc4 Rb2 53. Kf4 Rf2+ 54. Ke5 Rf3 55. Kd4 Rc8 56. Rxf3 exf3
57. Ke3 Kc6 58. Kxf3 Re8 59. Rc3 Rb8 60. Kf4 Rb4+ 61. Kg5 Rxa4 62. Rd3 Rg4+
63. Kh6 Kd7 64. c6+ Kd8 65. Rb3 1-0

[Event "HSG Open"]
[Site "Hilversum NED"]
[Date "2010.07.02"]
[Round "7"]
[White "Vogel,Ja"]
[Black "Nagtegaal,K"]
[Result "1/2-1/2"]
[WhiteElo "2210"]
[BlackElo "2200"]
[EventDate "2010.06.26"]

1. Nf3 d6 2. d4 f5 3. g3 Nf6 4. Bg2 e6 5. O-O Be7 6. b3 O-O 7. Bb2 a5 8. a3
Qe8 9. c4 c6 10. Qc2 Qh5 11. Nbd2 Nbd7 12. e4 fxe4 13. Nxe4 Nxe4 14. Qxe4
Nf6 15. Qd3 e5 16. dxe5 Ng4 17. h3 Nxe5 18. Nxe5 dxe5 19. Rae1 Bf5 20. Qc3
Qg6 21. Rd1 h5 22. c5 Rad8 23. Rxd8 Bxd8 24. Re1 Bc7 25. Qe3 Re8 26. b4 Rd8
27. Bxe5 Rd3 28. Qf4 Bd8 29. Bb2 Bf6 30. Qc4+ Kh7 31. Bxf6 Qxf6 32. bxa5
Rxa3 33. Qb4 Qc3 34. Qxc3 Rxc3 35. Re5 Kg6 36. a6 bxa6 37. Bxc6 Kf6 38. Rd5
Bxh3 39. Rd6+ Ke7 40. Be4 a5 41. Rc6 a4 42. Rc7+ Kf6 43. Ra7 a3 44. Ra6+
Ke5 45. Bg2 Be6 46. f4+ Kd4 47. Rxe6 Rc1+ 48. Kh2 a2 49. Ra6 a1=Q 50. Rxa1
Rxa1 51. c6 Ke3 52. Bd5 Rc1 53. Kh3 Rc5 54. Bf7 Rxc6 55. Kh4 Rh6 56. f5 Ke4
57. Bg6 Ke5 58. Kg5 h4 59. gxh4 Rh8 60. Bf7 Rd8 61. Kg6 Rd4 62. Kxg7 Rxh4
63. Bg6 1/2-1/2

[Event "HSG Open"]
[Site "Hilversum NED"]
[Date "2010.07.03"]
[Round "8"]
[White "Bloem,M"]
[Black "Van de Peut,A"]
[Result "1-0"]
[WhiteElo "1905"]
[BlackElo "1989"]
[EventDate "2010.06.26"]

1. e4 e6 2. d4 d5 3. Nd2 c5 4. Ngf3 Nc6 5. exd5 exd5 6. dxc5 Bxc5 7. Nb3
Bb6 8. c3 Nge7 9. Be2 O-O 10. O-O Qc7 11. Bg5 Re8 12. Rc1 Bf5 13. Re1 Rad8
14. Nbd4 Be4 15. Bd3 h6 16. Bh4 Bxd4 17. Nxd4 Bh7 18. Bxh7+ Kxh7 19. Qd3+
Kg8 20. Nf5 Qf4 21. Nxe7+ Nxe7 22. Bg3 Qf5 23. Qb5 Qc8 24. Rcd1 Qc6 25. Qd3
Nc8 26. Be5 Re6 27. Bd4 Rde8 28. Re3 Qc4 29. b3 Rxe3 30. Bxe3 Qxd3 31. Rxd3
Re5 32. Kf1 a6 33. Bc5 g5 34. c4 b6 35. Be3 Ne7 36. Bxb6 Re6 37. c5 f5 38.
Bd8 Kf7 39. Bxe7 Kxe7 40. Rxd5 f4 41. h3 Rc6 42. b4 Ke6 43. Rd8 Ke5 44. Ke2
a5 45. a3 axb4 46. axb4 Ra6 47. Rd2 Ra4 48. Rb2 Kd5 49. Kd2 Ra7 50. Rc2 Kc6
51. Kd3 Kb5 52. Ke4 Kxb4 53. c6 Rc7 54. Kd5 Kb5 55. Kd6 1-0